Marching for freedom : (Record no. 298182)
[ view plain ]
| 000 -LEADER | |
|---|---|
| fixed length control field | 01026nam a2200289Ia 4500 |
| 008 - FIXED-LENGTH DATA ELEMENTS--GENERAL INFORMATION | |
| fixed length control field | 160803s9999 xx 000 0 und d |
| 020 ## - INTERNATIONAL STANDARD BOOK NUMBER | |
| International Standard Book Number | 9780545290012 |
| 100 ## - MAIN ENTRY--PERSONAL NAME | |
| Personal name | Partridge, Elizabeth |
| 245 ## - TITLE STATEMENT | |
| Title | Marching for freedom : |
| 245 ## - TITLE STATEMENT | |
| Statement of responsibility, etc | Elizabeth Partridge. |
| 260 ## - PUBLICATION, DISTRIBUTION, ETC. (IMPRINT) | |
| Place of publication, distribution, etc | New York : |
| 260 ## - PUBLICATION, DISTRIBUTION, ETC. (IMPRINT) | |
| Name of publisher, distributor, etc | Scholastic Inc. |
| 260 ## - PUBLICATION, DISTRIBUTION, ETC. (IMPRINT) | |
| Date of publication, distribution, etc | 2009 |
| 300 ## - PHYSICAL DESCRIPTION | |
| Extent | 72 pages : |
| 300 ## - PHYSICAL DESCRIPTION | |
| Other physical details | illustrations ; |
| 300 ## - PHYSICAL DESCRIPTION | |
| Dimensions | 22 cm |
| 650 ## - SUBJECT ADDED ENTRY--TOPICAL TERM | |
| Topical term or geographic name as entry element | African American children -- Political activity -- Alabama -- History -- 20th century -- |
| 650 ## - SUBJECT ADDED ENTRY--TOPICAL TERM | |
| Topical term or geographic name as entry element | African Americans -- Civil rights -- Alabama -- History -- 20th century -- |
| 650 ## - SUBJECT ADDED ENTRY--TOPICAL TERM | |
| Topical term or geographic name as entry element | African Americans -- Civil rights -- Alabama -- History -- 20th century. |
| 650 ## - SUBJECT ADDED ENTRY--TOPICAL TERM | |
| Topical term or geographic name as entry element | Alabama -- Race relations -- History -- 20th century -- |
| 650 ## - SUBJECT ADDED ENTRY--TOPICAL TERM | |
| Topical term or geographic name as entry element | Civil rights movements -- Alabama -- History -- 20th century -- |
| 650 ## - SUBJECT ADDED ENTRY--TOPICAL TERM | |
| General subdivision | Juvenile literature. |
| 650 ## - SUBJECT ADDED ENTRY--TOPICAL TERM | |
| General subdivision | Juvenile literature. |
| 650 ## - SUBJECT ADDED ENTRY--TOPICAL TERM | |
| General subdivision | Juvenile literature. |
| 650 ## - SUBJECT ADDED ENTRY--TOPICAL TERM | |
| General subdivision | Juvenile literature. |
| 700 ## - ADDED ENTRY--PERSONAL NAME | |
| Personal name | 960 |
| Withdrawn status | Lost status | Damaged status | Home library | Current library | Shelving location | Date acquired | Total Checkouts | Barcode | Date last seen | Price effective from | Koha item type |
|---|---|---|---|---|---|---|---|---|---|---|---|
| Stonyhurst Southville International School (Batangas) | Stonyhurst Southville International School (Batangas) | Lexiled | 08/03/2016 | SC-108 | 08/03/2016 | 08/03/2016 | Books |